01278nam a2200325 a 4500001001000000003000500010005001700015008004100032010001100073011001100084040000900095090001000104100004600114245016500160260004100325500006000366502007800426590004100504590004000545590004000585650003100625650003500656650003500691856007000726901000700796942001000803942000600813999001900819952011400838000115750CHAP20220329144546.0190702s2019 mx | |sm |||||||spa d a112211 a113183 cCHAP aTesis1 aMartínez Méndez, Elba Martha.913635110aCaracterización del proceso de fermentación aeróbica del nopal para su uso en la alimentación animalh[En línea]cpor Elba Martha Martínez Méndez. aChapingo, Méx. :bEl autor,c2019. aPara ver el contenido del material haga clic en la liga aTesis (M. C. en Innovación Ganadera) -- UACH. Departamento de Zootecnia aBATCH-UPDb05c20190702lUCH01h1044 aE6337LMJb05c20190702lUCH01h1043 aE6337LMJb05c20190702lUCH01h104314aNopal como forraje.98171214aNopalxFermentación.913224114aNopalxValor nutritivo.981702 aFinding aiduhttp://10.13.5.2/tesis/sist115750.pdfzTeclea aquí aBK cTESIS n0 c112211d112211 00102local40718TESISaBCbBCd2019-07-02fTESISl0oTesisp115760-10r2019-12-31 00:00:00w2019-07-02yCD